000 00235nam a2200109Ia 4500
999 _c6655
_d6655
020 _a 0201633310
100 _aWilliam Stallings
245 0 _aSNMP, SNMPv2 and CMIP
260 _a New York
_bPearson
_c1993
300 _a625
942 _cBK